01739nam a22003975i 4500003000900000005001700009008004100026020001500067020001800082040004300100082002000143100003300163245019000196246006600386246004300452246002000495250002700515264005100542264001000593300004100603336002600644337002800670338002700698490002800725504005100753650005300804650005300857655001700910740006700927740004400994856008501038856007301123942001201196999001501208952011801223EG-ScBUE20250529090552.0150827t1970 nyua f b 001 0 eng d a0070991367 a9780070991361 aEG-ScBUEbengerdacEG-ScBUEdEG-ScBUE04a512.89bMEN2221 aMendelson, Elliott,eauthor.10aSchaum’s outline of theory and problems of boolean algebra and switching circuits /cby Elliott Mendelson, Ph.D., professor of mathematics, Queen College, City University of New York.30aTheory and problems of boolean algebra and switching circuits30aBoolean algebra and switching circuits30aBoolean algebra aInternational edition. 1aNew York : bMcGraw-Hill Book Company,c[1970] 4cc1970 a213 pages :billustrations ;c28 cm. 2rdacontentatextbtxt aunmediated2rdamediabn avolumebnc2rdacarrier0 aSchaum's outline series aIncludes bibliographical references and index. 7aAlgebra, BooleanxOutlines, syllabi, etc.2BUEsh 7aSwitching theoryxOutlines, syllabi, etc.2BUEsh vReading book aTheory and problems of Boolean algebra and switching circuits. aBoolean algebra and switching circuits.423Publisher descriptionuhttp://www.loc.gov/catdir/description/mh031/79129489.html423Table of contentsuhttp://www.loc.gov/catdir/toc/mh021/79129489.html cNB2ddc c9760d9760 00102ddc40708BaccahaMAINbMAINc1STd2008-06-04ePurchasel0o512.89 MENp000012007r2025-07-15 00:00:00yNB